000 00557nam a2200217Ia 4500
003 OSt
005 20220918231046.0
006 a|||||r|||| 00| 0
007 ta
008 220917b |||||||| |||| 00| 0 eng d
024 _a262,778
037 _cTextual
040 _aARTS
_cARTS
_beng
041 _2eng
_aeng
082 _aR842, K7.8
245 0 _aModernization of Japan
260 _aTokyo
_bJapan Society for the Promotion of Science
_c1967
650 _aPHILOSOPHY
942 _hR842, K7.8
_cTEXL
_2CC
999 _c289686
_d289686